Moli, červotoči a jiní škůdci materiálů v domácnostech, skladech a chalupách /

Main Author: Stejskal, Václav, 1963-
Other Authors: Kocian, Matúš, 1969-
Language: Czech
Published: Praha : Scriptum, 1994
Edition: 1. vyd.
Subjects:
Physical Description: 52 s., příl. : čb. a barev. obr.
Book
Saved in:
LEADER 01359nam a2200385 a 4500
001 000006691
003 CZ BrMZK
005 20250630100341.0
007 ta
008 940722s1994 xr a e f 000 cze d
015 |a cnb000087909 
020 |a 80-85528-34-7  |c 48.00 
040 |a BOA001  |b cze 
072 7 |a 632  |x Ochrana rostlin. Fytopatologie  |2 Konspekt  |9 24 
080 |a 591.68  |2 MRF 
080 |a 632.6/.7  |2 MRF 
080 |a 632.4/.7  |2 MRF 
080 |a (035)  |2 MRF 
100 1 |a Stejskal, Václav,  |d 1963-  |7 jn20000402278 
245 1 0 |a Moli, červotoči a jiní škůdci materiálů v domácnostech, skladech a chalupách /  |c Barev. kresby a perokresby Matúš Kocian 
250 |a 1. vyd. 
260 |a Praha :  |b Scriptum,  |c 1994 
300 |a 52 s., příl. :  |b čb. a barev. obr. 
650 0 7 |a domácí škůdci  |7 ph114345  |2 czenas 
650 0 7 |a skladištní škůdci  |7 ph116153  |2 czenas 
650 0 7 |a škůdci dřeva  |7 ph136659  |2 czenas 
650 0 9 |a household pests  |2 eczenas 
650 0 9 |a warehouse pests  |2 eczenas 
650 0 9 |a pests of wood  |2 eczenas 
655 7 |a příručky  |7 fd133209  |2 czenas 
655 9 |a handbooks and manuals  |2 eczenas 
700 1 |a Kocian, Matúš,  |d 1969-  |7 jx20080724012 
910 |a BOA001  |b 2-0994.181 
990 |a BK 
996 6 |b 2610011704  |c 2-0994.181  |l MZK  |r Sklad / do 1 hodiny  |n 23  |p p.v.  |w 000006691  |u 000010  |a 1  |e BOA001  |j MZK50  |s P